|
|
|
|
| LEADER |
00953nam a2200217 a 4500 |
| 001 |
26995 |
| 008 |
130522s1999 ja b 000 0 eng d |
| 040 |
|
|
|a BD-DhAAL.
|c BD-DhAAL.
|
| 082 |
0 |
0 |
|a 658.4/083
|2 22
|
| 245 |
0 |
0 |
|a Environmental governance in four Asian countries /
|c edited by Yohei Harashima; Institute for Global Environmental Strategies (Japan).
|
| 260 |
|
|
|a Kanagawa, Japan :
|b IGES Envirunmental Governance Project,
|c c1999.
|
| 300 |
|
|
|a 179 p. :
|b ill.
|c 23 cm.
|
| 504 |
|
|
|a Includes bibliographical references.
|
| 541 |
|
|
|e 26995
|
| 650 |
|
0 |
|a Environmental management
|z Asia
|
| 650 |
|
0 |
|a Environmental policy
|z Asia.
|
| 700 |
1 |
|
|a Harashima, Yohei.
|
| 710 |
2 |
|
|a Institute for Gobal Environment Strategies (IGES)
|
| 852 |
1 |
|
|a Ayesha Abed Library
|j General shelf.
|
| 999 |
|
|
|c 13494
|d 13494
|
| 952 |
|
|
|0 0
|1 0
|2 ddc
|4 0
|6 658_408300000000000_ENV
|7 0
|9 22488
|a BRACUL
|b BRACUL
|c GEN
|d 2013-05-27
|e VC of BRACU
|l 0
|o 658.4083 ENV
|p 3010026995
|r 2013-05-27
|t 1
|w 2013-05-27
|y BK
|